000 00750nam a2200229 4500
003 CBULib
005 20250822122919.0
008 250822b |||||||| |||| 00| 0 eng d
040 _aCBULib
_bEnglish
_cCBULib
_erda
041 _aeng
050 _aCBU-SB/STU/LIK
110 _94712
_aThe Copperbelt University-School of Business(CBU-SB)
245 _aDemand analysis
_c/ by The Copperbelt University-School of Business(CBU-SB)
260 _aKitwe :
_bCopperbelt University,
_c1992.
300 _a28 pages : illustrations
336 _2rdacontent
_aText |
_btxt
337 _2rdamedia
_aUnmediated |
_bn
338 _2rdacarrier
_aVolume
_bnc
650 0 _94782
_aDEMAND(ECONOMIC THEORY)
700 _94783
_aLikuji, Songe Enock
942 _2mc
_c030
999 _c86422
_d86422